| 000 | 00753nam a2200217 a 4500 | ||
|---|---|---|---|
| 005 | 20250712063926.0 | ||
| 008 | 991125s1989 mx 000 0 spa u | ||
| 020 | _a9681632788 | ||
| 035 | _aUPN01000012877 | ||
| 049 | _aCG | ||
| 050 | 4 |
_aF1391 C8 _bA5.4 1989 |
|
| 100 | 1 |
_aAguirre Beltrán, Gonzalo, _d1908-1996 |
|
| 245 | 1 | 0 |
_aCuijla : _besbozo etnográfico de un pueblo negro / _cGonzalo Aguirre Beltrán ; il. Alberto Beltrán. |
| 250 | _a2a ed. | ||
| 260 |
_aMéxico : _bFCE : _bGobierno del Estado de Veracruz, _c1989. |
||
| 300 | _a242, [4] p. | ||
| 440 | 0 | _aSección de obras de antropología | |
| 650 | 4 |
_aAfrodescendientes _zMéxico _923200 |
|
| 651 | 2 |
_aCuajinicuilapa, Guerrero (México) _xVida social y costumbres _911854 |
|
| 905 | _aLibro | ||
| 999 |
_c12877 _d12877 |
||